[Event "Krefelder SK Turm 2 - Ratinger SK 1"]
[Site "NRW-Klasse - Gruppe 3 2021/20"]
[Date "2022.03.27"]
[Round "7.5"]
[White "Pradel, Leonard"]
[Black "Schneiderwind, Ralf"]
[Result "0-1"]
[WhiteElo "1772"]
[BlackElo "1863"]
[PlyCount "66"]
[EventDate "2022.??.??"]
[SourceVersionDate "2020.03.16"]
[WhiteTeam "Ratinger SK 1"]
[BlackTeam "Krefelder SK Turm 2"]

1. d4 Nf6 2. Nc3 d5 3. Bf4 Bf5 4. f3 e6 5. g4 Bg6 6. h4 h6 7. e3 Bd6 8. Nh3 a6
9. Bd3 Bxd3 10. Qxd3 Nc6 11. Kf2 Qe7 12. Bxd6 Qxd6 13. Nf4 O-O-O 14. g5 hxg5
15. hxg5 Nd7 16. a3 g6 17. b4 Ne7 18. b5 a5 19. b6 Nxb6 20. Nb5 Qd7 21. a4 Nf5
22. Qc3 Nc4 23. e4 Ne7 24. Nd3 b6 25. Rab1 Kb8 26. Nc5 Qc8 27. Rxh8 Rxh8 28.
Na3 Nxa3 29. Qxa3 Rh2+ 30. Kg3 Qh8 31. Kf4 Qh4+ 32. Ke3 Qxg5+ 33. f4 Qg3# 0-1

[Event "Krefelder SK Turm 2 - Ratinger SK 1"]
[Site "NRW-Klasse - Gruppe 3 2021/20"]
[Date "2022.03.27"]
[Round "7.6"]
[White "Arning, Peter"]
[Black "Cinar, Erdal"]
[Result "1-0"]
[WhiteElo "1839"]
[BlackElo "1826"]
[PlyCount "119"]
[EventDate "2022.??.??"]
[SourceVersionDate "2020.03.16"]
[WhiteTeam "Krefelder SK Turm 2"]
[BlackTeam "Ratinger SK 1"]

1. Nf3 Nf6 2. g3 g6 3. Bg2 Bg7 4. O-O O-O 5. d3 d6 6. e4 c5 7. Re1 e5 8. c3 Nc6
9. d4 exd4 10. cxd4 Bg4 11. dxc5 dxc5 12. Qb3 Qb6 13. Nbd2 Rfd8 14. Qxb6 axb6
15. Nc4 b5 16. Ne3 Be6 17. Nc2 Rxa2 18. Rxa2 Bxa2 19. Nd2 Be6 20. Na3 Nd4 21.
e5 Nd5 22. Nf3 Nxf3+ 23. Bxf3 Nc7 24. Bg5 Rb8 25. Be7 b4 26. Nb1 Bf8 27. Bxf8
Kxf8 28. Nd2 b5 29. Ra1 c4 30. Ne4 Nd5 31. Rc1 Ra8 32. Nf6 Nxf6 33. Bxa8 Nd5
34. Bc6 Nc7 35. Kf1 Ke7 36. Ke2 Bd5 37. Bxd5 Nxd5 38. f4 c3 39. Kd3 Ke6 40. Kd4
h5 41. Rc2 h4 42. Rc1 hxg3 43. hxg3 cxb2 44. Rb1 Nc3 45. Rxb2 Kf5 46. Rxb4 Ne2+
47. Ke3 Nxg3 48. Rxb5 Nh5 49. Kf3 Ng7 50. Rb6 Nh5 51. Rb7 Ke6 52. Kg4 Ng7 53.
Kg5 Nf5 54. Rb6+ Ke7 55. e6 fxe6 56. Kxg6 Nd6 57. Ra6 Nf5 58. Ra7+ Kd6 59. Kf6
Nd4 60. Re7 1-0

[Event "Krefelder SK Turm 2 - Ratinger SK 1"]
[Site "NRW-Klasse - Gruppe 3 2021/20"]
[Date "2022.03.27"]
[Round "7.8"]
[White "Wende, Alexander"]
[Black "Feit, Andreas"]
[Result "1/2-1/2"]
[WhiteElo "1811"]
[BlackElo "1612"]
[PlyCount "38"]
[EventDate "2022.??.??"]
[SourceVersionDate "2020.03.16"]
[WhiteTeam "Krefelder SK Turm 2"]
[BlackTeam "Ratinger SK 1"]

1. d4 Nf6 2. Nf3 g6 3. Bf4 Bg7 4. e3 O-O 5. Be2 d6 6. O-O Nc6 7. c4 Nh5 8. Bg5
Qe8 9. Nc3 e5 10. Nd5 Qd7 11. dxe5 dxe5 12. Qc2 f6 13. Bh4 Qf7 14. Rfd1 Be6 15.
Rac1 Rad8 16. a3 Rd7 17. b4 g5 18. Bg3 Nxg3 19. hxg3 Ne7 1/2-1/2

[Event "SK Holsterhausen 1 - Klub Kölner SF 2"]
[Site "NRW-Klasse - Gruppe 3 2021/20"]
[Date "2022.03.27"]
[Round "7.1"]
[White "Maric, Boris"]
[Black "Dergatschova, Anna"]
[Result "0-1"]
[WhiteElo "2081"]
[BlackElo "2091"]
[PlyCount "104"]
[EventDate "2022.??.??"]
[SourceVersionDate "2020.03.16"]
[WhiteTeam "Klub Kölner SF 2"]
[BlackTeam "SK Holsterhausen 1"]

1. d4 d5 2. c4 Nc6 3. Nf3 Bg4 4. Nc3 Nf6 5. cxd5 Nxd5 6. e4 Nb6 7. d5 Bxf3 8.
gxf3 Ne5 9. Bf4 Ng6 10. Bb5+ Nd7 11. Bg3 a6 12. Ba4 b5 13. Bc2 e5 14. dxe6 fxe6
15. f4 Bb4 16. Qd4 Qe7 17. O-O-O Nb6 18. f5 e5 19. Qd2 Nf4 20. Bxf4 exf4 21.
Bb3 Qe5 22. f6 Qxf6 23. e5 Qe7 24. Qxf4 Bxc3 25. bxc3 Na4 26. Qb4 Qxb4 27. cxb4
Nb6 28. Rhg1 g6 29. Rd4 Ke7 30. Rgd1 Rhf8 31. f4 Rf5 32. Kd2 Rh5 33. Rc1 Rxh2+
34. Ke3 Rc8 35. f5 gxf5 36. Rg1 Nc4+ 37. Bxc4 bxc4 38. Rg7+ Ke6 39. Rdd7 Rh3+
40. Kf4 Rh4+ 41. Kf3 Re8 42. Rxc7 Kxe5 43. Rgd7 Rh3+ 44. Kg2 Rc3 45. Rd2 Rg8+
46. Kf2 h5 47. Rc5+ Ke4 48. Rdd5 Rc2+ 49. Kf1 Rg5 50. Re5+ Kf4 51. Red5 h4 52.
Rd4+ Kf3 0-1

[Event "SK Holsterhausen 1 - Klub Kölner SF 2"]
[Site "NRW-Klasse - Gruppe 3 2021/20"]
[Date "2022.03.27"]
[Round "7.2"]
[White "Walbaum, Klaus"]
[Black "Meertens, Martin"]
[Result "1-0"]
[WhiteElo "2119"]
[BlackElo "2135"]
[PlyCount "71"]
[EventDate "2022.??.??"]
[SourceVersionDate "2020.03.16"]
[WhiteTeam "SK Holsterhausen 1"]
[BlackTeam "Klub Kölner SF 2"]

1. e4 c5 2. Nc3 Nc6 3. g3 g6 4. Bg2 Bg7 5. d3 d6 6. Be3 e6 7. Qd2 Rb8 8. Nf3
Nd4 9. Bxd4 cxd4 10. Nb5 Qb6 11. Qb4 Ke7 12. e5 a6 13. Qxd6+ Qxd6 14. Nxd6 Bd7
15. Ng5 Bxe5 16. Ndxf7 Bf6 17. h4 Bxg5 18. Nxg5 Nf6 19. Kd2 h6 20. Nh3 e5 21.
Rae1 Ng4 22. Bf3 Kd6 23. Bxg4 Bxg4 24. f4 Rhe8 25. fxe5+ Rxe5 26. Rxe5 Kxe5 27.
Nf4 Bf5 28. Re1+ Kd6 29. Ne2 Kc5 30. Rf1 Rd8 31. Rf4 h5 32. a3 a5 33. b4+ axb4
34. axb4+ Kxb4 35. Nxd4 Ka3 36. Nb5+ 1-0

[Event "SK Holsterhausen 1 - Klub Kölner SF 2"]
[Site "NRW-Klasse - Gruppe 3 2021/20"]
[Date "2022.03.27"]
[Round "7.3"]
[White "Langner, Jasper"]
[Black "Schwalen, Peter"]
[Result "1-0"]
[WhiteElo "2035"]
[BlackElo "2004"]
[PlyCount "43"]
[EventDate "2022.??.??"]
[SourceVersionDate "2020.03.16"]
[WhiteTeam "Klub Kölner SF 2"]
[BlackTeam "SK Holsterhausen 1"]

1. d4 d5 2. c4 e6 3. Nf3 Be7 4. Nc3 Nf6 5. Bf4 c5 6. e3 a6 7. dxc5 Bxc5 8. a3
Nc6 9. Qc2 dxc4 10. Bxc4 Qe7 11. Rd1 Bd7 12. O-O Rc8 13. Qe2 h6 14. b4 Nxb4 15.
axb4 Bxb4 16. Na2 Bc5 17. Ne5 Ba4 18. Rb1 O-O 19. Nc3 Be8 20. Qa2 Bb4 21. Ne2
b5 22. Qxa6 1-0

[Event "SK Holsterhausen 1 - Klub Kölner SF 2"]
[Site "NRW-Klasse - Gruppe 3 2021/20"]
[Date "2022.03.27"]
[Round "7.4"]
[White "Kortenbusch, Christoph"]
[Black "Pragua, Christoph"]
[Result "1-0"]
[WhiteElo "2053"]
[BlackElo "2022"]
[PlyCount "37"]
[EventDate "2022.??.??"]
[SourceVersionDate "2020.03.16"]
[WhiteTeam "SK Holsterhausen 1"]
[BlackTeam "Klub Kölner SF 2"]

1. c4 e5 2. Nc3 Nf6 3. g3 d5 4. cxd5 Nxd5 5. Bg2 Nb6 6. Nf3 Nc6 7. O-O Be7 8.
a3 O-O 9. b4 a6 10. d3 Be6 11. Ne4 f6 12. Be3 Nd5 13. Bc5 Bd6 14. Rc1 Rc8 15.
d4 b6 16. dxe5 Nxe5 17. Nxe5 Bxe5 18. Bxf8 Qxf8 19. Ng5 1-0

[Event "SK Holsterhausen 1 - Klub Kölner SF 2"]
[Site "NRW-Klasse - Gruppe 3 2021/20"]
[Date "2022.03.27"]
[Round "7.5"]
[White "Klemenz, Luca"]
[Black "Bobzin, Pierre"]
[Result "1-0"]
[WhiteElo "2012"]
[BlackElo "2078"]
[PlyCount "57"]
[EventDate "2022.??.??"]
[SourceVersionDate "2020.03.16"]
[WhiteTeam "Klub Kölner SF 2"]
[BlackTeam "SK Holsterhausen 1"]

1. e4 c6 2. d4 d5 3. e5 Na6 4. c3 Bf5 5. Bxa6 bxa6 6. Ne2 Qb6 7. O-O g6 8. Nd2
h5 9. Nb3 e6 10. Be3 Nh6 11. h3 Be7 12. Qd2 Ng8 13. Nc5 Bxc5 14. dxc5 Qc7 15.
Bf4 a5 16. Nd4 Ne7 17. Rfe1 Kd7 18. Bg5 Rag8 19. h4 Rb8 20. b3 Rhc8 21. f3 Ng8
22. Rad1 Ke8 23. Qf4 a6 24. g4 hxg4 25. fxg4 Be4 26. Rf1 Qd7 27. Rd2 Rb7 28.
Rh2 Kf8 29. h5 1-0

[Event "SK Holsterhausen 1 - Klub Kölner SF 2"]
[Site "NRW-Klasse - Gruppe 3 2021/20"]
[Date "2022.03.27"]
[Round "7.6"]
[White "Sicars, Thorsten"]
[Black "Graf, Peter"]
[Result "1-0"]
[WhiteElo "1970"]
[BlackElo "1959"]
[PlyCount "69"]
[EventDate "2022.??.??"]
[SourceVersionDate "2020.03.16"]
[WhiteTeam "SK Holsterhausen 1"]
[BlackTeam "Klub Kölner SF 2"]

1. c4 c5 2. Nf3 Nc6 3. d4 cxd4 4. Nxd4 e6 5. a3 Qb6 6. e3 a6 7. Nc3 d6 8. g3
Nf6 9. Bg2 Bd7 10. O-O Be7 11. b3 O-O 12. Bb2 Rac8 13. Nxc6 Bxc6 14. e4 Rfd8
15. b4 Nd7 16. Qe2 Ne5 17. Rac1 Be8 18. Nd1 a5 19. b5 Bf6 20. Ne3 Nd7 21. Rfd1
Bxb2 22. Qxb2 Qc5 23. Rc2 Ne5 24. Bf1 f6 25. Kg2 Bh5 26. Rd4 Bf3+ 27. Kg1 Bh5
28. Kg2 Nf3 29. Rd1 Qg5 30. Be2 Ne5 31. f4 Qg6 32. Bxh5 Qxe4+ 33. Kf2 Nxc4 34.
Rxc4 Rxc4 35. Bf3 1-0

[Event "SK Holsterhausen 1 - Klub Kölner SF 2"]
[Site "NRW-Klasse - Gruppe 3 2021/20"]
[Date "2022.03.27"]
[Round "7.7"]
[White "Goldenstein, Arnd"]
[Black "Warmbier, Robert"]
[Result "1-0"]
[WhiteElo "1897"]
[BlackElo "1840"]
[PlyCount "105"]
[EventDate "2022.??.??"]
[SourceVersionDate "2020.03.16"]
[WhiteTeam "Klub Kölner SF 2"]
[BlackTeam "SK Holsterhausen 1"]

1. d4 Nf6 2. c4 c5 3. d5 b5 4. Qc2 bxc4 5. e4 d6 6. Bxc4 g6 7. Nf3 Bg7 8. O-O
O-O 9. h3 Ba6 10. Na3 Bxc4 11. Nxc4 Nfd7 12. Bd2 Nb6 13. Na5 Qc8 14. Rab1 Qa6
15. b3 N6d7 16. Bc3 Bxc3 17. Qxc3 Nf6 18. Rfe1 Nbd7 19. Nc6 Rfe8 20. Rbd1 Rac8
21. Qd2 Kg7 22. Qb2 Kg8 23. g4 Nb8 24. Nxe7+ Rxe7 25. Qxf6 Rce8 26. e5 dxe5 27.
Qxa6 Nxa6 28. d6 Rb7 29. Nxe5 Nb8 30. g5 Nd7 31. Ng4 Re6 32. Rxe6 fxe6 33. Re1
e5 34. f4 exf4 35. Re7 c4 36. bxc4 Rb1+ 37. Kf2 Nc5 38. Nf6+ Kf8 39. Nxh7+ Kg8
40. Nf6+ Kf8 41. Nd7+ Nxd7 42. Rxd7 Rb2+ 43. Kf3 Rxa2 44. Kxf4 Ra5 45. Re7 Rf5+
46. Kg4 a5 47. Re3 Rc5 48. Re4 Rc8 49. Rd4 Ra8 50. c5 a4 51. c6 a3 52. d7 Ke7
53. c7 1-0

[Event "SK Holsterhausen 1 - Klub Kölner SF 2"]
[Site "NRW-Klasse - Gruppe 3 2021/20"]
[Date "2022.03.27"]
[Round "7.8"]
[White "Petrovic, Vladan"]
[Black "Georgi, Thomas"]
[Result "1/2-1/2"]
[WhiteElo "1864"]
[BlackElo "1821"]
[PlyCount "58"]
[EventDate "2022.??.??"]
[SourceVersionDate "2020.03.16"]
[WhiteTeam "SK Holsterhausen 1"]
[BlackTeam "Klub Kölner SF 2"]

1. e4 Nf6 2. e5 Nd5 3. d4 d6 4. Nf3 Bg4 5. Bc4 e6 6. O-O dxe5 7. dxe5 c6 8. h3
Bh5 9. Bb3 Nd7 10. c4 N5b6 11. Bf4 Nc5 12. Nc3 Bg6 13. Be3 Ne4 14. Nxe4 Bxe4
15. Qxd8+ Rxd8 16. Rfd1 Be7 17. Rxd8+ Kxd8 18. Rd1+ Kc7 19. Kf1 Nd7 20. Bd4 Nc5
21. Ke2 Nxb3 22. axb3 c5 23. Bc3 Bc2 24. Ra1 Bxb3 25. Nd2 Bc2 26. Rxa7 Kc6 27.
Ra1 Rd8 28. Rc1 Bd3+ 29. Ke3 Bg6 1/2-1/2

[Event "Kölner SK Dr. Lasker 2 - Krefelder SK "]
[Site "NRW-Klasse - Gruppe 3 2021/20"]
[Date "2022.04.24"]
[Round "8.1"]
[White "Markgraf, Jonas"]
[Black "Di Franco, Patricio"]
[Result "1/2-1/2"]
[WhiteElo "2006"]
[BlackElo "2049"]
[PlyCount "40"]
[EventDate "2022.??.??"]
[SourceVersionDate "2020.03.16"]
[WhiteTeam "Krefelder SK Turm 2"]
[BlackTeam "Kölner SK Dr. Lasker 2"]

1. e4 c5 2. Nf3 a6 3. c4 Nc6 4. d4 cxd4 5. Nxd4 e5 6. Nxc6 bxc6 7. Nc3 Bc5 8.
Bd3 Qh4 9. Qf3 Nf6 10. Qg3 Qxg3 11. hxg3 Rb8 12. f3 d6 13. Rb1 Nd7 14. Bd2 Nf8
15. a3 Ne6 16. b4 Ba7 17. Ne2 Bd7 18. Bc3 f6 19. Kd2 Ke7 20. g4 h6 1/2-1/2

[Event "Kölner SK Dr. Lasker 2 - Krefelder SK "]
[Site "NRW-Klasse - Gruppe 3 2021/20"]
[Date "2022.04.24"]
[Round "8.2"]
[White "Mandt, Mathias"]
[Black "Cozzuto, Alessandro"]
[Result "1/2-1/2"]
[WhiteElo "2052"]
[BlackElo "1854"]
[PlyCount "92"]
[EventDate "2022.??.??"]
[SourceVersionDate "2020.03.16"]
[WhiteTeam "Kölner SK Dr. Lasker 2"]
[BlackTeam "Krefelder SK Turm 2"]

1. d4 d5 2. c4 e6 3. Nc3 Nf6 4. Bg5 Be7 5. e3 O-O 6. Nf3 Nbd7 7. Rc1 h6 8. Bh4
c5 9. cxd5 Nxd5 10. Bxe7 Nxe7 11. Bd3 b6 12. O-O Bb7 13. Qe2 cxd4 14. Nxd4 Nc5
15. Bc4 e5 16. Ndb5 Nf5 17. Rcd1 Qg5 18. e4 a6 19. Nd6 Nd4 20. Qe3 Bc6 21. f4
Qh5 22. fxe5 Nde6 23. Nf5 Bb5 24. Nxb5 axb5 25. Bd5 Ra4 26. Rb1 Qg5 27. Qf3 Nd4
28. Nxd4 Rxd4 29. e6 Rd3 30. exf7+ Kh8 31. Qf4 Qg6 32. Qf5 Qxf5 33. Rxf5 Nd7
34. Re1 g6 35. Rf2 Kg7 36. Rc2 Rd4 37. Bb3 Nc5 38. e5 Nxb3 39. e6 Nd2 40. Rxd2
Rxd2 41. e7 Kxf7 42. exf8=Q+ Kxf8 43. Re6 Kf7 44. Rxb6 Rxb2 45. a4 b4 46. a5
Ra2 1/2-1/2

[Event "Kölner SK Dr. Lasker 2 - Krefelder SK "]
[Site "NRW-Klasse - Gruppe 3 2021/20"]
[Date "2022.04.24"]
[Round "8.3"]
[White "Reuter, Julian-Frank"]
[Black "Fox, Daniel"]
[Result "0-1"]
[WhiteElo "1970"]
[BlackElo "2128"]
[PlyCount "52"]
[EventDate "2022.??.??"]
[SourceVersionDate "2020.03.16"]
[WhiteTeam "Krefelder SK Turm 2"]
[BlackTeam "Kölner SK Dr. Lasker 2"]

1. d4 d5 2. Nf3 Nf6 3. g3 e6 4. Bg2 Be7 5. O-O O-O 6. c4 c6 7. Qc2 Nbd7 8. Nbd2
b6 9. e4 dxe4 10. Nxe4 Nxe4 11. Qxe4 Bb7 12. Rd1 Nf6 13. Qc2 Qc8 14. c5 Rd8 15.
Ne5 bxc5 16. dxc5 Rxd1+ 17. Qxd1 Bxc5 18. Qc2 Bb6 19. Bxc6 Bd4 20. Nf3 Bb6 21.
Ne5 Bd4 22. Nf3 e5 23. Nxd4 exd4 24. Ba4 Qh3 25. f4 d3 26. Qd2 Ne4 0-1

[Event "Kölner SK Dr. Lasker 2 - Krefelder SK "]
[Site "NRW-Klasse - Gruppe 3 2021/20"]
[Date "2022.04.24"]
[Round "8.4"]
[White "Hoeren, Andreas"]
[Black "Panjer, Sydney"]
[Result "0-1"]
[WhiteElo "2092"]
[BlackElo "2005"]
[PlyCount "128"]
[EventDate "2022.??.??"]
[SourceVersionDate "2020.03.16"]
[WhiteTeam "Kölner SK Dr. Lasker 2"]
[BlackTeam "Krefelder SK Turm 2"]

1. b3 d5 2. Bb2 Nf6 3. e3 g6 4. f4 Bg7 5. Nf3 O-O 6. Be2 c5 7. O-O Nc6 8. Ne5
Qc7 9. Nxc6 Qxc6 10. Be5 h5 11. Bf3 Bg4 12. c4 Bxf3 13. Qxf3 Rfd8 14. Rd1 Rac8
15. Nc3 dxc4 16. Qxc6 Rxc6 17. bxc4 Ne8 18. Bxg7 Kxg7 19. Kf2 Rb6 20. Na4 Rb4
21. Nxc5 Rxc4 22. Nxb7 Rd5 23. Ke2 Rc2 24. a4 Nf6 25. Rac1 Rdxd2+ 26. Rxd2 Rxc1
27. Kd3 Ra1 28. Nc5 Nd5 29. Rb2 Rc1 30. Ne4 Rd1+ 31. Rd2 Ra1 32. Ke2 Nb6 33.
Nc5 Nxa4 34. Ne4 Nb6 35. Rc2 Nd5 36. Nd2 a5 37. g3 a4 38. e4 Nb4 39. Rb2 Nc6
40. Rb6 Nd4+ 41. Kd3 Rd1 42. Kc3 Ne6 43. Rb1 Rxb1 44. Nxb1 Kf6 45. Nd2 g5 46.
f5 Nd8 47. Kb4 Ke5 48. Kxa4 Kd4 49. Kb3 Kd3 50. Nf3 Kxe4 51. Nxg5+ Kxf5 52. Nh3
Kg4 53. Nf4 Ne6 54. Nd5 Nd4+ 55. Kc4 Nf3 56. Nxe7 Nxh2 57. Kd4 Nf1 58. Ng8 Nxg3
59. Nh6+ Kf4 60. Nxf7 h4 61. Ne5 Nf5+ 62. Kd5 h3 63. Nd3+ Kg3 64. Ke4 h2 0-1

[Event "Kölner SK Dr. Lasker 2 - Krefelder SK "]
[Site "NRW-Klasse - Gruppe 3 2021/20"]
[Date "2022.04.24"]
[Round "8.5"]
[White "Schneiderwind, Ralf"]
[Black "Diesner, Michael"]
[Result "1/2-1/2"]
[WhiteElo "1863"]
[BlackElo "2040"]
[PlyCount "100"]
[EventDate "2022.??.??"]
[SourceVersionDate "2020.03.16"]
[WhiteTeam "Krefelder SK Turm 2"]
[BlackTeam "Kölner SK Dr. Lasker 2"]

1. e4 c5 2. Nf3 d6 3. d4 Nf6 4. Nc3 cxd4 5. Nxd4 g6 6. Bd3 Bg7 7. O-O O-O 8.
Nce2 e5 9. Nf3 d5 10. exd5 e4 11. Bxe4 Nxe4 12. c4 Qc7 13. Qc2 Nd6 14. Bf4 Qxc4
15. Qd2 Re8 16. Ng3 Qa6 17. Rae1 Bd7 18. Qb4 Bf8 19. Ng5 h6 20. Nf3 Bb5 21. Qd2
Kh7 22. Rxe8 Bxe8 23. Re1 Nd7 24. h4 Nc5 25. Ne5 Nc4 26. Nxc4 Qxc4 27. d6 Nd3
28. Re4 Qd5 29. Re5 Qc4 30. Re4 Qb5 31. a4 Qa6 32. Rd4 Nxf4 33. Qxf4 Rd8 34. d7
Rxd7 35. Rxd7 Bxd7 36. Qxf7+ Bg7 37. Qxd7 Qa5 38. Qxb7 Qxa4 39. Ne4 Qa1+ 40.
Kh2 Qxb2 41. Qxa7 Qe5+ 42. Ng3 Qf4 43. Kh3 h5 44. f3 Kh6 45. Nf1 Bd4 46. Qe7
Qf5+ 47. Kh2 Qf4+ 48. Kh3 Qf5+ 49. Kh2 Qf4+ 50. Kh3 Qf5+ 1/2-1/2

[Event "Kölner SK Dr. Lasker 2 - Krefelder SK "]
[Site "NRW-Klasse - Gruppe 3 2021/20"]
[Date "2022.04.24"]
[Round "8.6"]
[White "Rosenkraenzer, Torsten"]
[Black "Arning, Peter"]
[Result "1-0"]
[WhiteElo "2028"]
[BlackElo "1839"]
[PlyCount "73"]
[EventDate "2022.??.??"]
[SourceVersionDate "2020.03.16"]
[WhiteTeam "Kölner SK Dr. Lasker 2"]
[BlackTeam "Krefelder SK Turm 2"]

1. d4 g6 2. e4 Bg7 3. c4 d6 4. Nc3 e5 5. Nf3 exd4 6. Nxd4 Nc6 7. Be3 Nf6 8. Be2
O-O 9. Nc2 Re8 10. f3 Be6 11. Nd4 Qe7 12. Nxe6 fxe6 13. O-O Rad8 14. Qb3 a5 15.
Rad1 b6 16. Bf2 Nh5 17. g3 Qg5 18. Kh1 Qh6 19. f4 Kh8 20. Bf3 e5 21. Ne2 Rf8
22. f5 gxf5 23. exf5 Nd4 24. Nxd4 exd4 25. g4 Nf6 26. Bxd4 Qh3 27. Be2 Qxb3 28.
axb3 Rde8 29. Bf3 Ne4 30. Bxe4 Rxe4 31. f6 Bh6 32. g5 Bxg5 33. f7+ Rxd4 34.
Rxd4 Kg7 35. Rg4 Kh6 36. Rf5 Be7 37. Rg8 1-0

[Event "Kölner SK Dr. Lasker 2 - Krefelder SK "]
[Site "NRW-Klasse - Gruppe 3 2021/20"]
[Date "2022.04.24"]
[Round "8.7"]
[White "Ricken, Katharina"]
[Black "Mews, Bernhard"]
[Result "1-0"]
[WhiteElo "2104"]
[BlackElo "1984"]
[PlyCount "73"]
[EventDate "2022.??.??"]
[SourceVersionDate "2020.03.16"]
[WhiteTeam "Krefelder SK Turm 2"]
[BlackTeam "Kölner SK Dr. Lasker 2"]

1. Nf3 c5 2. b3 Nc6 3. Bb2 d6 4. c4 e5 5. Nc3 g6 6. g3 Bg7 7. d3 Nge7 8. Bg2 h6
9. O-O Be6 10. Nd2 O-O 11. a3 d5 12. cxd5 Nxd5 13. Rc1 Nde7 14. Na4 b6 15. b4
Bd5 16. Bxd5 Nxd5 17. bxc5 b5 18. Nc3 Nxc3 19. Bxc3 a5 20. Qb3 b4 21. axb4 axb4
22. Bb2 Qd7 23. Ra1 h5 24. Ne4 h4 25. Nd6 Rxa1 26. Rxa1 Qg4 27. Re1 Bh6 28. Qc4
Nd4 29. Bxd4 exd4 30. Qxb4 hxg3 31. hxg3 Be3 32. Kg2 Bg5 33. Ne4 Rd8 34. c6 Kg7
35. c7 Rh8 36. Qxd4+ f6 37. Nxg5 1-0

[Event "Kölner SK Dr. Lasker 2 - Krefelder SK "]
[Site "NRW-Klasse - Gruppe 3 2021/20"]
[Date "2022.04.24"]
[Round "8.8"]
[White "Glaser, Steffen"]
[Black "Feierabend, Olaf"]
[Result "1-0"]
[WhiteElo "1927"]
[BlackElo "1734"]
[PlyCount "69"]
[EventDate "2022.??.??"]
[SourceVersionDate "2020.03.16"]
[WhiteTeam "Kölner SK Dr. Lasker 2"]
[BlackTeam "Krefelder SK Turm 2"]

1. e4 d5 2. exd5 Nf6 3. d4 Nxd5 4. Nf3 Bg4 5. Be2 e6 6. O-O Nc6 7. c4 Nb6 8.
Be3 Qd7 9. d5 Bxf3 10. Bxf3 Ne5 11. Bxb6 axb6 12. dxe6 Nxf3+ 13. Qxf3 fxe6 14.
Qxb7 Rd8 15. Nc3 Bd6 16. Qf3 Qf7 17. Qxf7+ Kxf7 18. Rad1 Be5 19. Rxd8 Rxd8 20.
Rd1 Rxd1+ 21. Nxd1 Bd4 22. Kf1 Ke7 23. Ke2 Kd6 24. Kd3 e5 25. b4 c6 26. f3 Bg1
27. h3 Bd4 28. a4 g6 29. Nc3 Bg1 30. Ne4+ Kc7 31. Ng5 h5 32. Nf7 b5 33. cxb5
cxb5 34. a5 Bd4 35. f4 1-0

[Event "Klub Kölner SF 2 - Oberhausener SV 1"]
[Site "NRW-Klasse - Gruppe 3 2021/20"]
[Date "2022.04.24"]
[Round "8.1"]
[White "Becker, Marcel"]
[Black "Maric, Boris"]
[Result "1/2-1/2"]
[WhiteElo "2321"]
[BlackElo "2081"]
[PlyCount "54"]
[EventDate "2022.??.??"]
[SourceVersionDate "2020.03.16"]
[WhiteTeam "Oberhausener SV 1"]
[BlackTeam "Klub Kölner SF 2"]

1. d4 Nf6 2. c4 e6 3. Nc3 Bb4 4. Qc2 d5 5. cxd5 exd5 6. Bg5 h6 7. Bh4 c5 8.
dxc5 g5 9. Bg3 Ne4 10. Bxb8 Qf6 11. O-O-O Bxc3 12. bxc3 Rxb8 13. e3 Qxf2 14.
Nf3 Qxc2+ 15. Kxc2 Nf2 16. Bb5+ Kf8 17. Ne5 Nxd1 18. Rxd1 Bf5+ 19. Kc1 Be6 20.
c4 Rc8 21. c6 bxc6 22. Nxc6 a6 23. Ba4 dxc4 24. Rd6 Kg7 25. g3 Rc7 26. Nd4 Kf6
27. Rxa6 h5 1/2-1/2

[Event "Klub Kölner SF 2 - Oberhausener SV 1"]
[Site "NRW-Klasse - Gruppe 3 2021/20"]
[Date "2022.04.24"]
[Round "8.2"]
[White "Meertens, Martin"]
[Black "Hort, Vlastimil"]
[Result "1-0"]
[WhiteElo "2135"]
[BlackElo "2299"]
[PlyCount "97"]
[EventDate "2022.??.??"]
[SourceVersionDate "2020.03.16"]
[WhiteTeam "Klub Kölner SF 2"]
[BlackTeam "Oberhausener SV 1"]

1. e4 e6 2. d4 d5 3. e5 c5 4. c3 Nc6 5. Nf3 Qb6 6. a3 a5 7. b3 Bd7 8. Be2 Nge7
9. O-O Nf5 10. g4 Nfe7 11. Be3 cxd4 12. cxd4 h5 13. h3 Ng6 14. Nc3 Nce7 15. Bg5
Ng8 16. Na4 Qa7 17. Qd2 Bc6 18. Rfc1 Be7 19. Nc5 hxg4 20. hxg4 Nh6 21. Bxe7
Nxe7 22. Nh2 Rg8 23. Nf1 Qb8 24. b4 axb4 25. axb4 Rxa1 26. Rxa1 b6 27. Na6 Qd8
28. b5 Bd7 29. Qc3 f6 30. Nc7+ Kf7 31. Ra8 Nc8 32. Na6 Rh8 33. Ng3 Ng8 34. Nb4
Nge7 35. Ra3 fxe5 36. dxe5 Ng6 37. Nc6 Qg5 38. Ra4 Bxc6 39. bxc6 Qxe5 40. Qd2
Nge7 41. Qc1 Qc7 42. Qg5 e5 43. Nf5 Ng6 44. Bb5 Na7 45. Nd6+ Qxd6 46. Rxa7+ Ne7
47. c7 Qb4 48. Qf5+ Nxf5 49. c8=Q+ 1-0

[Event "Klub Kölner SF 2 - Oberhausener SV 1"]
[Site "NRW-Klasse - Gruppe 3 2021/20"]
[Date "2022.04.24"]
[Round "8.3"]
[White "Montignies, Rainer"]
[Black "Raasch, Joerg"]
[Result "1/2-1/2"]
[WhiteElo "2260"]
[BlackElo "2139"]
[PlyCount "55"]
[EventDate "2022.??.??"]
[SourceVersionDate "2020.03.16"]
[WhiteTeam "Oberhausener SV 1"]
[BlackTeam "Klub Kölner SF 2"]

1. Nf3 d5 2. g3 Nf6 3. Bg2 g6 4. b3 Bg7 5. Bb2 O-O 6. c4 c6 7. O-O Bf5 8. d3 a5
9. a3 Na6 10. Nbd2 Qb6 11. Qc2 Rad8 12. Rac1 h6 13. Bd4 c5 14. Bxf6 Qxf6 15.
cxd5 Bg4 16. h3 Bc8 17. e4 b5 18. Rfe1 Qb2 19. Nb1 e6 20. Qxb2 Bxb2 21. Rc2 Bg7
22. Nfd2 Rfe8 23. dxe6 Bxe6 24. Bf1 Bd4 25. Rcc1 Bb2 26. Rc2 Bd4 27. Rcc1 Bb2
28. Rc2 1/2-1/2

[Event "Klub Kölner SF 2 - Oberhausener SV 1"]
[Site "NRW-Klasse - Gruppe 3 2021/20"]
[Date "2022.04.24"]
[Round "8.4"]
[White "Langner, Jasper"]
[Black "Nissen, Claus"]
[Result "1/2-1/2"]
[WhiteElo "2035"]
[BlackElo "2123"]
[PlyCount "69"]
[EventDate "2022.??.??"]
[SourceVersionDate "2020.03.16"]
[WhiteTeam "Klub Kölner SF 2"]
[BlackTeam "Oberhausener SV 1"]

1. d4 e6 2. c4 d5 3. Nf3 Nf6 4. Nc3 Be7 5. Bf4 O-O 6. e3 a6 7. c5 Nbd7 8. Bd3
Re8 9. Qc2 Bxc5 10. dxc5 e5 11. Bg5 e4 12. Nxd5 exd3 13. Qxd3 Nxc5 14. Nxf6+
Qxf6 15. Qc2 Qf5 16. Qxf5 Bxf5 17. O-O Nd3 18. b3 c5 19. Rfd1 f6 20. Bh4 Red8
21. Bg3 Rac8 22. Kf1 g5 23. Ne1 b5 24. f3 Nxe1 25. Kxe1 Bd3 26. Rac1 c4 27.
bxc4 Bxc4 28. a3 Kf7 29. Bd6 Bb3 30. Rxc8 Rxc8 31. Rd3 Be6 32. Bb4 Rc2 33. Rd2
Rc1+ 34. Rd1 Rc2 35. Rd2 1/2-1/2

[Event "Klub Kölner SF 2 - Oberhausener SV 1"]
[Site "NRW-Klasse - Gruppe 3 2021/20"]
[Date "2022.04.24"]
[Round "8.5"]
[White "Mancic, Ivan"]
[Black "Pragua, Christoph"]
[Result "1-0"]
[WhiteElo "2101"]
[BlackElo "2022"]
[PlyCount "79"]
[EventDate "2022.??.??"]
[SourceVersionDate "2020.03.16"]
[WhiteTeam "Oberhausener SV 1"]
[BlackTeam "Klub Kölner SF 2"]

1. d4 Nf6 2. c4 d6 3. g3 g6 4. Bg2 Bg7 5. Nc3 Nbd7 6. Nf3 O-O 7. O-O c6 8. e4
e5 9. h3 exd4 10. Nxd4 Re8 11. Be3 Nc5 12. Qc2 a5 13. Rad1 Nfd7 14. b3 Qc7 15.
Rfe1 Ne6 16. Nxe6 Rxe6 17. f4 Re8 18. Bf2 Nf8 19. Na4 Bd7 20. Qd2 Re6 21. c5
dxc5 22. Nxc5 Re7 23. e5 Be8 24. Ne4 h6 25. Bc5 Rd7 26. Bd6 Qd8 27. Kh2 Ne6 28.
Qe2 b6 29. Bf3 Rc8 30. Bg4 c5 31. Bxe6 fxe6 32. Qg4 Bf7 33. h4 c4 34. Rc1 b5
35. bxc4 Rxc4 36. Rxc4 bxc4 37. Rc1 Qc8 38. Qe2 Rb7 39. Rxc4 Qd7 40. Nc5 1-0